Financial privacy : status of state actions on Gramm-Leach-Bliley Act's privacy provisions.

Bibliographic Details
Corporate Author: United States. General Accounting Office
Format: Government Document eBook
Language:English
Published: [Washington, D.C.] : U.S. General Accounting Office, [2002]
Subjects:
Online Access:https://purl.fdlp.gov/GPO/LPS38584

MARC

Tag First Indicator Second Indicator Subfields
LEADER 00000cam a2200000 a 4500
001 in00001807113
005 20211202200641.0
006 m d f
007 cr mn-
008 031217s2002 dcu s f000 0 eng c
035 |a (OCoLC)ocm53922996 
037 |b GAO (202)512-6000 (voice); (202)512-6061 (Fax); (202)512-2537 (TDD)  |f paper copy 
040 |a GPO  |c GPO  |d MvI  |d UtOrBLW 
042 |a pcc 
043 |a n-us--- 
049 |a WWW 
074 |a 0546-D (online) 
086 0 |a GA 1.13:GAO-02-361 
088 |a GAO-02-361 
110 1 |a United States.  |b General Accounting Office. 
245 1 0 |a Financial privacy :  |b status of state actions on Gramm-Leach-Bliley Act's privacy provisions. 
246 3 0 |a Status of state actions on Gramm-Leach-Bliley Act's privacy provisions 
246 1 7 |a Status of state actions on GLBA's privacy provisions 
264 1 |a [Washington, D.C.] :  |b U.S. General Accounting Office,  |c [2002] 
336 |a text  |b txt  |2 rdacontent 
337 |a computer  |b c  |2 rdamedia 
338 |a online resource  |b cr  |2 rdacarrier 
538 |a Mode of access: Internet from GAO web site. Address as of 12/15/03: http://www.gao.gov/new.items/d02361.pdf; current access available via PURL. 
500 |a Title from title screen (viewed on Dec. 15, 2003). 
500 |a "April 2002." 
500 |a Paper version available from: General Accounting Office, 441 G St., NW, Rm. LM, Washington, D.C. 20548. 
504 |a Includes bibliographical references. 
500 |a "GAO-02-361." 
500 |a Electronic resource. 
610 1 0 |a United States.  |t Gramm-Leach-Bliley Act. 
650 0 |a Insurance companies  |v Records and correspondence  |x Access control  |z United States. 
650 0 |a Privacy, Right of  |z United States. 
776 0 |a United States. General Accounting Office.  |t Financial privacy : status of state actions on Gramm-Leach-Bliley Act's privacy provisions  |h 20 p.  |w (OCoLC)50659329 
856 4 0 |u https://purl.fdlp.gov/GPO/LPS38584  |t 0 
999 |a MARS 
999 f f |s 27d2414a-439c-3271-ba99-c3e433887f2c  |i 30fdd925-b4b8-3c0c-9059-60f37114ee67  |t 0 
952 f f |a Texas A&M University  |b College Station  |c Electronic Resources  |d Available Online  |t 0  |e GA 1.13:GAO-02-361  |h Superintendent of Documents classification 
998 f f |a GA 1.13:GAO-02-361  |t 0  |l Available Online